000
00300nam a22001337a 4500
020
_a
0072443928
040
_c
NUST
082
_a
512.9
_b
DUG
100
_a
Mark Dugopolski,
_9
122974
245
_a
Algebra for College Students
250
_a
3rd Edition
650
_a
Algebra
_9
8509
942
_2
ddc
_c
BK
999
_c
609328
_d
609328